| 000 | 00502nam a22001817a 4500 | ||
|---|---|---|---|
| 003 | MPLRDC | ||
| 005 | 20220104143624.0 | ||
| 008 | 210129b ||||| |||| 00| 0 eng d | ||
| 082 | _a868.71 ZXS v.14 c.3 | ||
| 100 | _a中学生丛书编委会编辑 | ||
| 245 |
_a剪得山水入诗来 _c |
||
| 250 | _a第一版 | ||
| 260 |
_a马来西亚 _b马来西亚华校董事联合 _c1993 |
||
| 300 | _b120 | ||
| 490 | _a中学生丛书之十四 | ||
| 650 | _a马华文学 | ||
| 942 |
_cBK _o868.71 ZXS v.14 c.3 |
||
| 999 |
_c41713 _d41703 |
||